000 01131nam a2200313 a 4500
001 000046187
003 DO-SdBNP
005 20240422101417.0
007 ta
008 150703s2015 dr 000 f spa d
020 _a9789945586312
040 _aDO-SdBNP
_bspa
_cBNPHU
082 4 _aRD863.44
_bM671c
_222
100 1 _aMir, Pedro,
_d1913-2000
_97245
245 1 0 _aCuando amaban las tierras comuneras /
_cPedro Mir.
260 _aSanto Domingo :
_bArchivo General de la Nación,
_c2015.
300 _a289 p. ;
_c23 cm.
490 _aArchivo General de la Nación;
_v232
500 _aIncluye referencias bibliográficas y notas al pie de las páginas
500 _aIncluye índice onomástico
590 _aInventariado, 2019/MFF
650 4 _aNovela histórica dominicana.
_9860
650 0 _aLiteratura dominicana.
_967
651 0 _aRepública Dominicana --
_xHistoria --
_yOcupación norteamericana, 1916-1924
_91926
651 4 _aRepública Dominicana
_xHistoria
_yRevolución, 1965
_92167
830 0 _aArchivo General de la Nación.
_n232
_974235
910 _aValidado. Control de calidad MFF
942 _2ddc
_cLBS1
999 _c45676
_d45676